Nueva especie de Colostethus (<Anura: Dendrobatidae>) de la región del Caribe de Colombia (Registro nro. 13998)

Detalles MARC
000 -CABECERA
Campo de control 004990000a22001330004500
090 ## - CLASIFICACIÓN LOCAL
Colección AS
Consecutivo Seriadas
041 0# - IDIOMA
Código de idioma para texto/pista de sonido o título separado
100 1# - ASIENTO PRINCIPAL--NOMBRE PERSONAL
Nombre personal Acosta Galvis, Andrés Rymel
245 10 - MENCION DE TITULO
Título Nueva especie de Colostethus (<Anura: Dendrobatidae>) de la región del Caribe de Colombia
700 1# - ASIENTO SECUNDARIO - NOMBRE PERSONAL
Nombre personal Cuentas, Daniel A.
700 1# - ASIENTO SECUNDARIO - NOMBRE PERSONAL
Nombre personal Coloma, Luis A.
773 1# - Item fuente:
Título Revista de la Academia Colombiana de Ciencias Exactas, Fisicas y Naturales
Especificación de materiales 32
Descripción física Supl. Esp.
Paginas del Articulo 225-230
Lugar, editorial y fecha de publicación 1999
Información sobre la relación 23
942 ## - ELEMENTOS ADICIONALES (KOHA)
Tipo de ítem Artículo

No hay ítems disponibles.